|
|
|
|
| LEADER |
00000nam2a2200000 4500 |
| 001 |
296806 |
| 005 |
20231102000937.0 |
| 035 |
|
|
|a (RuTPU)RU\TPU\book\321914
|
| 090 |
|
|
|a 296806
|
| 100 |
|
|
|a 20150603d1983 km y0rusy50 ca
|
| 101 |
0 |
|
|a rus
|
| 102 |
|
|
|a LT
|
| 105 |
|
|
|a a z 100zy
|
| 200 |
0 |
|
|a Т. 4 : Проблемы планирования подготовки, распределения и использования кадров
|
| 210 |
|
|
|d 1983
|
| 215 |
|
|
|a 176 с.
|c ил.
|
| 461 |
|
1 |
|0 (RuTPU)RU\TPU\book\329178
|t Проблемы определения потребности народного хозяйства в кадрах специалистов
|o материалы III Всесоюзного симпозиума, Вильнюс 7-9 сентября, 1983
|f под ред. С. С. Шаталина, М. А. Берманта, Е. Н. Жильцова
|v Т. 4 : Проблемы планирования подготовки, распределения и использования кадров
|n [Б. и.]
|d 1983
|
| 606 |
1 |
|
|a Кадры
|x Управление
|2 stltpush
|3 (RuTPU)RU\TPU\subj\13468
|9 40073
|
| 610 |
1 |
|
|a трудовые ресурсы
|
| 610 |
1 |
|
|a планирование
|
| 610 |
1 |
|
|a подготовка
|
| 610 |
1 |
|
|a распределение
|
| 610 |
1 |
|
|a использование
|
| 610 |
1 |
|
|a симпозиумы
|
| 610 |
1 |
|
|a Вильнюс
|
| 686 |
|
|
|a У9(2)240
|v LBC/SL-A
|2 rubbk
|
| 801 |
|
1 |
|a RU
|b 63413507
|c 20150603
|
| 801 |
|
2 |
|a RU
|b 63413507
|c 20190227
|g RCR
|
| 942 |
|
|
|c BK
|